000 01643nam0a2200325 i 4500
001 RU\NLR\BIBL_A\010846172
005 20241104111607.0
010 _a9785948251417
_9500
021 _aRU
_b2015-60758
_93607
035 _a(NILC)RuMoRGB-007995489
035 _a(NLR Aleph) 010846172
090 _a10352327
_c10352327
100 _a20150923d2015 k y0rusy50 ca
101 0 _arus
102 _aRU
105 _ay|||z|||000yy
200 1 _aАнтичный мир в духовной культуре Северного Причерноморья
_fЛях Валентина Ивановна, Галут Ольга Васильевна
_gМ-во культуры Российской Федерации, Федеральное гос. бюджетное образовательное учреждение высш. проф. образования "Краснодарский гос. ун-т культуры и искусств"
210 _aКраснодар
_cКраснодарский гос. ун-т культуры и искусств
_d2015
215 _a178 с., [8] л. ил.
_d21
320 _aБиблиогр.: с. 154-178 (13 назв.) и в тексте
607 _aПричерноморье Северное
_xКультура
_zАнтичный период
_92608781
_3RU\NLR\AUTH\661545339
686 1 _aТ3(2)24-7
700 1 _aЛях
_bВ. И.
_gВалентина Ивановна
701 1 _aГалут
_bО. В.
_gОльга Васильевна
801 0 _aRU
_bРГБ
_c20150812
_gRCR
801 2 _aRU
_bРГБ
_c20150818
_grcr
942 _cBOOK
980 _aNBR